[Event "Xtracon Chess Open 2018"]
[Site "Elsinore"]
[Date "2018.07.21"]
[Round "1"]
[White "Leutwyler, Martin"]
[Black "Madison, Sigurd"]
[Result "0-1"]
[WhiteElo "2185"]
[BlackElo "1704"]
[EventDate "2018.07.21"]
[WhiteFideId "1301969"]
[BlackFideId "1711806"]

1.d4 d5 2.Nf3 Nf6 3.c4 dxc4 4.e3 b5 5.a4 c6 6.axb5 cxb5 7.b3 Be6 8.bxc4 
bxc4 9.Nc3 Nd5 10.Ne4 Nb6 11.Neg5 Bd5 12.e4 h6 13.exd5 hxg5 14.Nxg5 Qxd5 
15.Be2 Nc6 16.Bf3 Qd7 17.d5 Nb4 18.Ra5 Nd3+ 19.Kf1 Nxc1 20.Qxc1 Qd6 21.g3 
g6 22.Qe1 Qd7 23.Qe3 Rc8 24.Kg2 Bg7 25.Re1 c3 26.Be2 Kf8 27.Bg4 f5 28.Be2 
Nxd5 29.Qe6 Qxe6 30.Nxe6+ Kf7 31.Nxg7 Nb4 32.Nxf5 gxf5 33.Rxf5+ Kg6 34.Ra5
c2 35.Rc1 Rc7 36.Ra4 Rb8 37.Kf3 Rc3+ 38.Ke4 Nc6 39.h4 Rb4+ 40.Rxb4 Nxb4 
41.Kd4 Rc7 42.Bc4 e5+ 43.Kc3 Na2+ 0-1

[Event "Xtracon Chess Open 2018"]
[Site "Elsinore"]
[Date "2018.07.21"]
[Round "1"]
[White "Halberg, Jesper"]
[Black "Roseneck, Jonas"]
[Result "0-1"]
[WhiteElo "1702"]
[BlackElo "2182"]
[EventDate "2018.07.21"]
[WhiteFideId "1451278"]
[BlackFideId "12939870"]

1.d4 Nf6 2.Bf4 d5 3.e3 c5 4.c3 Nc6 5.Nd2 Qb6 6.Qb3 c4 7.Qc2 Bg4 8.Ngf3 e6 
9.b3 Bf5 10.Qb2 cxb3 11.axb3 h6 12.h3 Be7 13.Be2 O-O 14.O-O Rfc8 15.Rfc1 
a6 16.c4 dxc4 17.Nxc4 Qd8 18.Rd1 Nb4 19.Rac1 b5 20.Nce5 Nfd5 21.Bh2 Nc2 
22.Bd3 Bxd3 23.Nxd3 Ba3 24.Qb1 Bxc1 25.Rxc1 Ncb4 26.Nc5 a5 27.Ne5 Na6 28.
Ned3 b4 29.Bg3 Nc3 30.Qb2 Nxc5 31.Nxc5 Qd5 32.Kh1 e5 33.Na4 Nxa4 34.Rxc8+ 
Rxc8 35.bxa4 exd4 36.exd4 Qc4 37.Bf4 b3 38.Be3 Qc2 0-1

[Event "Xtracon Chess Open 2018"]
[Site "Elsinore"]
[Date "2018.07.21"]
[Round "1"]
[White "Tiarks, Jann-Christian"]
[Black "Stage-Steffensen, Theo"]
[Result "1-0"]
[WhiteElo "2179"]
[BlackElo "1697"]
[EventDate "2018.07.21"]
[WhiteFideId "12951595"]
[BlackFideId "1455818"]

1.e4 e5 2.Nf3 Nc6 3.d4 d6 4.Bc4 Bg4 5.c3 Be7 6.Be3 Nf6 7.Nbd2 O-O 8.O-O 
Nxe4 9.Nxe4 d5 10.Bd3 f5 11.Nc5 e4 12.Ne6 Qd6 13.Nxf8 Rxf8 14.Be2 exf3 15.
Bxf3 Bxf3 16.Qxf3 Nd8 17.Bf4 Qc6 18.Rfe1 Bd6 19.Bxd6 Qxd6 20.Re5 c6 21.
Rae1 Qd7 22.Re7 Qd6 23.Qg3 Qxg3 24.hxg3 Rf7 25.Re8+ Rf8 26.R1e7 h6 27.Kf1 
a6 28.Ke2 g5 29.Kd3 b5 30.Rxf8+ Kxf8 31.Ra7 1-0

[Event "Xtracon Chess Open 2018"]
[Site "Elsinore"]
[Date "2018.07.21"]
[Round "1"]
[White "Kristensen, Thomas Overgaard"]
[Black "Nielsen, Andre"]
[Result "0-1"]
[WhiteElo "1696"]
[BlackElo "2178"]
[EventDate "2018.07.21"]
[WhiteFideId "1419803"]
[BlackFideId "1518240"]

1.d4 Nf6 2.c4 e6 3.Nc3 Bb4 4.e3 O-O 5.Bd3 d5 6.Ne2 b6 7.O-O Bb7 8.f3 Nbd7 
9.a3 Bd6 10.e4 dxe4 11.fxe4 e5 12.Bg5 exd4 13.Nxd4 Bc5 14.Bc2 Ne5 15.Nd5 
Nxd5 16.Bxd8 Ne3 17.Be7 Nxd1 18.Bxc5 bxc5 19.Nf5 Nxb2 20.Rab1 Nexc4 21.
Rxb2 Nxb2 22.Rb1 Ba6 23.Rxb2 Rfb8 24.Ra2 Bc4 25.Ra1 Rb2 26.Rc1 Rd8 27.Ne3 
Be6 28.Nd1 Rxc2 0-1

[Event "Xtracon Chess Open 2018"]
[Site "Elsinore"]
[Date "2018.07.21"]
[Round "1"]
[White "Andersen, Morten"]
[Black "Stuhr, Finn"]
[Result "1-0"]
[WhiteElo "2174"]
[BlackElo "1695"]
[EventDate "2018.07.21"]
[WhiteFideId "1504908"]
[BlackFideId "1400789"]

1.c4 e5 2.g3 Nf6 3.Nc3 Bc5 4.Nf3 d6 5.Bg2 Nc6 6.e3 Bg4 7.h3 Be6 8.d4 Bxc4 
9.dxc5 dxc5 10.Qa4 Ba6 11.Nxe5 O-O 12.Nxc6 Qd3 13.Bf1 1-0

[Event "Xtracon Chess Open 2018"]
[Site "Elsinore"]
[Date "2018.07.21"]
[Round "1"]
[White "Harders, Poul Erik"]
[Black "Rossen, Claus"]
[Result "0-1"]
[WhiteElo "1693"]
[BlackElo "2168"]
[EventDate "2018.07.21"]
[WhiteFideId "1416251"]
[BlackFideId "1403222"]

1.d4 Nf6 2.c4 g6 3.Nc3 d5 4.cxd5 Nxd5 5.Nf3 Bg7 6.Qb3 Nxc3 7.bxc3 O-O 8.
Ba3 b6 9.e3 Be6 10.Bc4 Bxc4 11.Qxc4 Re8 12.O-O c6 13.Rfd1 Qd5 14.Qd3 Qa5 
15.Bb2 c5 16.Qc2 Nd7 17.c4 cxd4 18.exd4 Rac8 19.Rd3 Qf5 20.Rc1 Nf6 21.Re3 
Qxc2 22.Rxc2 Nd5 23.Ra3 Rc7 24.Rc1 Rec8 25.Nd2 Bh6 26.Rd1 Bxd2 27.Rxd2 
Rxc4 28.Kf1 Nf4 29.f3 Rc2 30.Rxc2 Rxc2 31.Bc3 a5 32.g3 Nd5 33.Be1 Rxh2 34.
Bf2 g5 35.Rb3 Rh6 36.Rb2 Rc6 37.Ke2 Kg7 38.Kd2 h5 39.Ke2 Kg6 40.Be1 e6 41.
Kd3 Rc1 42.Re2 Nb4+ 43.Ke3 Rxe1 0-1

[Event "Xtracon Chess Open 2018"]
[Site "Elsinore"]
[Date "2018.07.21"]
[Round "1"]
[White "Liu, Manli"]
[Black "Weber, Andreas"]
[Result "1-0"]
[WhiteElo "2167"]
[BlackElo "1693"]
[EventDate "2018.07.21"]
[WhiteFideId "8608121"]
[BlackFideId "24652504"]

1.e4 e5 2.Nf3 Nc6 3.Bb5 a6 4.Ba4 Nf6 5.d3 b5 6.Bb3 Be7 7.Nbd2 O-O 8.c3 d6 
9.Nf1 Nb8 10.Ng3 Nbd7 11.O-O c5 12.h3 Nb6 13.Qe2 Be6 14.Bc2 Re8 15.Nh2 Bf8
16.f4 exf4 17.Bxf4 g6 18.Bg5 Bg7 19.Qd2 Nbd7 20.d4 Bc4 21.Rf2 b4 22.Ng4 
bxc3 23.bxc3 h5 24.Nxf6+ Bxf6 25.Bxf6 Nxf6 26.dxc5 d5 27.Qf4 dxe4 28.Qxf6 
Qxf6 29.Rxf6 Kg7 30.Rd6 f5 31.h4 Rac8 32.Rb1 e3 33.Rb7+ Kh8 34.Rxg6 e2 35.
Nxe2 Rxe2 36.Bxf5 Re1+ 37.Kh2 Re5 1-0

[Event "Xtracon Chess Open 2018"]
[Site "Elsinore"]
[Date "2018.07.21"]
[Round "1"]
[White "Saravana, Vedant Kumar"]
[Black "Ivarsson, Torbjorn"]
[Result "1/2-1/2"]
[WhiteElo "1691"]
[BlackElo "2161"]
[EventDate "2018.07.21"]
[WhiteFideId "45059730"]
[BlackFideId "1705865"]

1.e4 Nc6 2.Nf3 d6 3.d4 Nf6 4.Nc3 e5 5.dxe5 Nxe5 6.Nxe5 dxe5 7.Qxd8+ Kxd8 
8.Bg5 c6 9.O-O-O+ Ke8 10.Bc4 Nd7 11.Rd3 f6 12.Be3 Bc5 13.Bxc5 Nxc5 14.Rd6 
Ke7 15.Rhd1 Ne6 16.Bxe6 Bxe6 17.Na4 Rad8 18.Rxd8 Rxd8 19.Rxd8 Kxd8 20.Nc5 
Bc8 21.Kd2 Ke7 22.b4 Kd6 23.c4 g6 24.Nd3 Be6 25.c5+ Kd7 26.a4 Bb3 27.a5 
Bc4 28.Ke3 Ke6 29.Ne1 f5 30.f3 f4+ 31.Kf2 Kf6 32.g3 fxg3+ 33.Kxg3 Kg5 34.
Ng2 h5 35.h4+ Kf6 36.f4 Bf7 37.Kf3 Bb3 38.Ke3 Be6 39.Ne1 Bc4 40.fxe5+ Kxe5
41.Nf3+ Ke6 42.Kf4 Bd3 43.Ne5 g5+ 44.hxg5 Bc2 45.Nf3 Bd3 46.Nd4+ Kf7 47.
Kf5 h4 48.g6+ Kg8 49.Kg4 Bxe4 50.Kxh4 Bxg6 51.Kg5 Bd3 52.Kf6 Kf8 53.Ke6 
Ke8 54.Kd6 Kd8 55.Ne6+ Kc8 56.Nc7 a6 57.Na8 Bf5 58.Nb6+ Kd8 59.Nc4 Bh3 60.
Ne5 Kc8 1/2-1/2

[Event "Xtracon Chess Open 2018"]
[Site "Elsinore"]
[Date "2018.07.21"]
[Round "1"]
[White "Overmark, Ole"]
[Black "Kunz, Andre"]
[Result "0-1"]
[WhiteElo "1688"]
[BlackElo "2158"]
[EventDate "2018.07.21"]
[WhiteFideId "1410776"]
[BlackFideId "24623652"]

1.e4 c6 2.c4 d5 3.cxd5 cxd5 4.exd5 Nf6 5.Nc3 Nxd5 6.d4 Nc6 7.Bc4 e6 8.Nf3 
Be7 9.O-O Nf6 10.a3 O-O 11.Be3 a6 12.Rc1 Qa5 13.Qe2 b5 14.Bd3 Bb7 15.Ne5 
Rfd8 16.Nxc6 Bxc6 17.f3 Nd5 18.Ne4 Nxe3 19.Rxc6 Nxf1 20.Kxf1 Rxd4 21.Qc2 
Rad8 22.Nc5 Bxc5 23.Bxh7+ Kh8 24.Qxc5 Rd1+ 25.Kf2 Qe1# 0-1

[Event "Xtracon Chess Open 2018"]
[Site "Elsinore"]
[Date "2018.07.21"]
[Round "1"]
[White "Kistrup, Nicolai"]
[Black "Larsen, Mette Dalsgaard"]
[Result "1-0"]
[WhiteElo "2154"]
[BlackElo "1682"]
[EventDate "2018.07.21"]
[WhiteFideId "1444816"]
[BlackFideId "1430718"]

1.d4 e6 2.c4 d5 3.Nf3 Nf6 4.g3 c5 5.cxd5 Qxd5 6.Nc3 Qd8 7.Bg2 Nc6 8.e3 
cxd4 9.Nxd4 Nxd4 10.exd4 Be7 11.O-O O-O 12.Be3 Qd7 13.Rc1 Rd8 14.h3 Rb8 
15.Qb3 a6 16.Rfd1 b5 17.d5 e5 18.Na4 Bb7 19.Nc5 Bxc5 20.Rxc5 Rbc8 21.Rxc8 
Rxc8 22.Bg5 Ne8 23.Bd2 Rc4 24.Qe3 f6 25.Bc3 Nd6 26.b3 Rc8 27.Bb4 Nf5 28.
Qb6 Nd4 29.Bc5 Bxd5 30.Bxd4 Bxg2 31.Kxg2 Qd5+ 32.Kh2 Rc2 33.a4 Rc6 34.Qb8+
Kf7 35.Qb7+ Kg6 36.Rc1 Qxd4 37.Qxc6 Qxf2+ 38.Qg2 Qf5 39.Qc2 e4 40.Re1 bxa4
41.bxa4 Qa5 42.Qxe4+ Kh6 43.Re2 f5 44.Qf4+ Kg6 45.Re5 1-0

[Event "Xtracon Chess Open 2018"]
[Site "Elsinore"]
[Date "2018.07.21"]
[Round "1"]
[White "Rasmussen, Henning"]
[Black "Petersson, Baldur Teodor"]
[Result "0-1"]
[WhiteElo "1682"]
[BlackElo "2153"]
[EventDate "2018.07.21"]
[WhiteFideId "1410962"]
[BlackFideId "2309157"]

1.f4 d5 2.Nf3 g6 3.g3 Bg7 4.Bg2 c5 5.O-O Nc6 6.d3 Nf6 7.c3 Bg4 8.Qc2 Bxf3 
9.Bxf3 Qb6 10.e4 c4+ 11.d4 dxe4 12.Bg2 e5 13.fxe5 Nxe5 14.Bxe4 Nxe4 15.
Qxe4 O-O 16.Kh1 Nd3 17.Qg2 Rae8 18.Nd2 Qe6 19.Nf3 Qe2 20.Ng1 Qxg2+ 21.Kxg2
b5 22.Bf4 Re4 23.b3 b4 24.Bd6 bxc3 25.Bxf8 Kxf8 26.bxc4 c2 27.Rac1 Nxc1 
28.Rxc1 Bxd4 29.Rxc2 Bxg1 30.Kxg1 Ke7 31.Kf2 Kd6 32.Rd2+ Kc7 33.Rc2 Kc6 
34.Kf3 f5 35.h3 Kc5 36.Rd2 Rd4 37.Re2 Rd7 38.Rc2 g5 39.Ke3 Re7+ 40.Kf3 a5 
41.h4 gxh4 42.gxh4 Re4 43.Kg3 Rg4+ 44.Kh3 Rxc4 45.Rf2 f4 46.Kg4 Kb4 47.Kg5
Kc3 48.h5 a4 49.Kh6 Kd3 50.Kxh7 Ke3 51.Rb2 f3 52.Kg6 f2 53.Rb1 Rg4+ 54.Kf5
Rg1 0-1

[Event "Xtracon Chess Open 2018"]
[Site "Elsinore"]
[Date "2018.07.21"]
[Round "1"]
[White "Nilssen, Ellen Fredericia"]
[Black "Larsen, Hans Haagen"]
[Result "1-0"]
[WhiteElo "2152"]
[BlackElo "1679"]
[EventDate "2018.07.21"]
[WhiteFideId "1441230"]
[BlackFideId "1409557"]

1.d4 d6 2.c4 g6 3.Nc3 Bg7 4.Nf3 Nc6 5.d5 Ne5 6.Nxe5 Bxe5 7.Qc2 Bd7 8.e4 
Bg7 9.Be3 Nh6 10.f3 f5 11.Qd2 Nf7 12.Be2 O-O 13.h4 e6 14.h5 g5 15.h6 Bf6 
16.dxe6 Bxe6 17.exf5 Bxf5 18.O-O-O c6 19.g4 Bg6 20.f4 gxf4 21.Bxf4 Be5 22.
c5 d5 23.Be3 b5 24.Bd3 Bxd3 25.Qxd3 b4 26.Ne2 Ng5 27.Rh5 Bf6 28.Nd4 Rc8 
29.Qf5 Bxd4 30.Rxg5+ Qxg5 31.Qxg5+ Kf7 32.Bxd4 1-0

[Event "Xtracon Chess Open 2018"]
[Site "Elsinore"]
[Date "2018.07.21"]
[Round "1"]
[White "Tulliez, Andre"]
[Black "Jorgensen, Dennis"]
[Result "1/2-1/2"]
[WhiteElo "1678"]
[BlackElo "2147"]
[EventDate "2018.07.21"]
[WhiteFideId "45107181"]
[BlackFideId "1408380"]

1.e4 c6 2.d4 d5 3.Nc3 dxe4 4.Nxe4 Nf6 5.Nxf6+ exf6 6.c3 Bd6 7.Bd3 O-O 8.
Ne2 Re8 9.O-O Qc7 10.h3 Nd7 11.Qc2 Nf8 12.Be3 Be6 13.Rac1 Rad8 14.Rfd1 Ng6
15.c4 Qa5 16.Nc3 Bb8 17.Ne2 Qh5 18.Bxg6 hxg6 19.Nf4 Bxf4 20.Bxf4 g5 21.Bh2
g4 22.hxg4 Bxg4 23.Rd2 Rd7 24.f3 Be6 25.Rcd1 Red8 26.b3 Qg5 27.Qe4 b5 28.
Qxc6 bxc4 29.bxc4 Rxd4 30.Rxd4 Qe3+ 31.Kh1 Rxd4 32.Rxd4 Qxd4 33.Qa8+ Kh7 
34.Qe4+ Qxe4 35.fxe4 Bxc4 36.a3 a5 37.Bb8 g5 38.Kh2 Bd3 39.e5 f5 40.Kg3 
Kg6 41.Kf3 Be4+ 42.Kg3 f4+ 43.Kf2 Kf5 44.g3 f3 45.Bc7 Bd5 46.Bb8 Ke4 47.
Bc7 g4 48.Bb8 Be6 49.Bc7 Kd4 50.Bb8 Kc4 51.Bc7 Kd5 52.Bb8 Kc6 53.Ke1 a4 
54.Kf2 Bc4 55.Ke3 Kd5 56.Kf2 Ke4 57.Bc7 Be6 58.Bb8 Kd4 59.Bc7 Ke4 60.Bb8 
Kf5 61.Bc7 f6 62.exf6 Kxf6 63.Bd6 1/2-1/2

[Event "Xtracon Chess Open 2018"]
[Site "Elsinore"]
[Date "2018.07.21"]
[Round "1"]
[White "Thybo, Thomas Sondergaard"]
[Black "Nielsen, Jorgen Kamp"]
[Result "1-0"]
[WhiteElo "2146"]
[BlackElo "1674"]
[EventDate "2018.07.21"]
[WhiteFideId "1441299"]
[BlackFideId "1413279"]

1.e4 c5 2.Nf3 g6 3.Nc3 Bg7 4.Bc4 Nf6 5.e5 Ng4 6.Bxf7+ Kf8 7.Bb3 Nc6 8.O-O 
e6 9.Ne4 Ngxe5 10.Nxc5 b6 11.Ne4 Bh6 12.Nxe5 Nxe5 13.d4 Bxc1 14.Rxc1 Nf7 
15.Qf3 Bb7 16.d5 1-0

[Event "Xtracon Chess Open 2018"]
[Site "Elsinore"]
[Date "2018.07.21"]
[Round "1"]
[White "Yilmaz, Kazim"]
[Black "Niese, Holger"]
[Result "0-1"]
[WhiteElo "1669"]
[BlackElo "2140"]
[EventDate "2018.07.21"]
[WhiteFideId "1514326"]
[BlackFideId "4697057"]

1.Nf3 d5 2.d4 Nf6 3.c4 c6 4.cxd5 cxd5 5.Nc3 Nc6 6.Bf4 a6 7.e3 Bf5 8.Bd3 
Bxd3 9.Qxd3 e6 10.O-O Bd6 11.Bxd6 Qxd6 12.a3 O-O 13.e4 dxe4 14.Nxe4 Nxe4 
15.Qxe4 Rfd8 16.Rfd1 Qd5 17.Qxd5 Rxd5 18.Rd2 Rad8 19.Rad1 f6 20.Kf1 h5 21.
h4 g5 22.hxg5 fxg5 23.Re1 Kf7 24.Rde2 R8d6 25.Ne5+ Nxe5 26.dxe5 Rc6 27.g3 
Kg6 28.f4 Rc4 29.fxg5 Kxg5 30.Kf2 h4 31.gxh4+ Rxh4 32.Kg3 Rg4+ 33.Kf3 Rf4+
34.Kg3 Kf5 35.Rh1 Rd3+ 36.Kg2 Rg4+ 37.Kf2 Rdg3 38.Rh5+ Rg5 39.Rh2 R3g4 40.
Ke1 Re4 41.Rf2+ Kxe5 42.Rxe4+ Kxe4 43.Rf7 Ke3 44.Kd1 Rd5+ 45.Kc2 b5 46.Re7
e5 47.Re6 a5 48.b3 e4 49.Rh6 Kf2 50.Rh2+ Kg3 51.Rh8 e3 52.Re8 Kf2 53.Rf8+ 
Ke1 54.Re8 e2 55.Rf8 Rc5+ 56.Kb2 Kd2 57.Rd8+ Ke3 58.Re8+ Kf3 59.Re7 a4 60.
Re8 axb3 61.Kxb3 Rc4 62.Rf8+ Ke3 63.Re8+ Re4 64.Rxe4+ Kxe4 65.Kb4 e1=Q+ 
66.Kxb5 Kd5 67.a4 Qb1+ 68.Ka6 Kc6 69.a5 Qb7# 0-1

[Event "Xtracon Chess Open 2018"]
[Site "Elsinore"]
[Date "2018.07.21"]
[Round "1"]
[White "Thuesen, Mogens"]
[Black "Warston, Hakan"]
[Result "1-0"]
[WhiteElo "2139"]
[BlackElo "1662"]
[EventDate "2018.07.21"]
[WhiteFideId "1400878"]
[BlackFideId "1717367"]

1.d4 d5 2.c4 e6 3.Nc3 Nf6 4.Bg5 Be7 5.cxd5 exd5 6.Qc2 c6 7.e3 O-O 8.Bd3 h6
9.Bh4 Nbd7 10.Nge2 Re8 11.O-O Nf8 12.f3 Ne6 13.Rad1 Nh5 14.Bf2 Qc7 15.Bh7+
Kh8 16.Bf5 Bd6 17.g3 Ng5 18.Kg2 g6 19.Bxc8 Qxc8 20.g4 Nf6 21.h3 Qc7 22.
Rde1 Re7 23.Ng3 Qd7 24.h4 Nxf3 25.Kxf3 Qxg4+ 26.Kg2 Nh5 27.Qd1 Qxh4 28.Rh1
Qg5 29.Rxh5 gxh5 30.Qxh5 Rg8 31.Qxg5 Rxg5 32.Kf3 f5 33.Rh1 Kg7 34.Nce2 Kg6
35.Nf1 Re4 36.Bg3 Bxg3 37.Nfxg3 Re7 38.Nf4+ Kg7 39.b4 a6 40.Ngh5+ Kf7 41.
Nd3 Kg8 42.Ne5 Re6 43.Kf4 Kf8 44.Ng3 Kg7 45.Nxf5+ Kh7 46.Nxh6 Rgxe5 47.
Ng4+ Kg7 48.dxe5 Kg8 49.Kf5 1-0

[Event "Xtracon Chess Open 2018"]
[Site "Elsinore"]
[Date "2018.07.21"]
[Round "1"]
[White "Bernstein, Jonas August"]
[Black "Ingebretsen, Jens E"]
[Result "0-1"]
[WhiteElo "1661"]
[BlackElo "2138"]
[EventDate "2018.07.21"]
[WhiteFideId "1532154"]
[BlackFideId "1522965"]

1.d4 Nf6 2.c4 e6 3.Nf3 b6 4.g3 Bb7 5.Bg2 Be7 6.Nc3 O-O 7.O-O Ne4 8.Qc2 
Nxc3 9.Qxc3 Bf6 10.Rd1 c5 11.e3 Be4 12.Nd2 Bxg2 13.Kxg2 d5 14.Nf3 Nc6 15.
b3 dxc4 16.Qxc4 Rc8 17.Qe2 cxd4 18.Bb2 e5 19.Rd2 Qd5 20.Kg1 Rfe8 21.Qd1 
Rcd8 22.exd4 e4 23.Ne1 Nxd4 24.Bc3 e3 25.fxe3 Rxe3 26.Bxd4 Rxe1+ 27.Qxe1 
Bxd4+ 28.Rxd4 Qxd4+ 29.Kh1 g6 30.Rc1 Qd2 31.Qf1 Qxa2 32.Qf6 Qd2 33.Rc7 
Qd1+ 34.Kg2 Rd2+ 35.Kh3 Qh5+ 36.Qh4 Qf5+ 37.Qg4 Rxh2+ 0-1

[Event "Xtracon Chess Open 2018"]
[Site "Elsinore"]
[Date "2018.07.21"]
[Round "1"]
[White "Poulsen, Iver"]
[Black "Sorokin, Artem"]
[Result "1-0"]
[WhiteElo "2133"]
[BlackElo "1660"]
[EventDate "2018.07.21"]
[WhiteFideId "1405110"]
[BlackFideId "44133561"]

1.e4 c5 2.Nc3 Nc6 3.Nf3 e6 4.d4 cxd4 5.Nxd4 Qc7 6.Be3 a6 7.Be2 d6 8.f4 Nf6
9.a3 Be7 10.g4 b6 11.g5 Nd7 12.O-O Bb7 13.f5 Nc5 14.fxe6 fxe6 15.Bh5+ g6 
16.Bg4 Nxd4 17.Qxd4 e5 18.Qc4 Rf8 19.Rxf8+ Bxf8 20.Rf1 b5 21.Nd5 Qg7 22.
Qb4 Bxd5 23.exd5 Qb7 24.Bxc5 dxc5 25.Qe4 Bg7 26.Be6 Qe7 27.h4 Rd8 28.Rf7 
Qxf7 29.Bxf7+ Kxf7 30.b3 Ke7 31.h5 Rd6 32.c4 Bh8 33.b4 bxc4 34.bxc5 Rd8 
35.d6+ Ke6 36.hxg6 1-0

[Event "Xtracon Chess Open 2018"]
[Site "Elsinore"]
[Date "2018.07.21"]
[Round "1"]
[White "Petersen, Peter Birk"]
[Black "Nielsen, Leo Kresten Roland"]
[Result "1-0"]
[WhiteElo "2128"]
[BlackElo "1653"]
[EventDate "2018.07.21"]
[WhiteFideId "1401696"]
[BlackFideId "1426095"]

1.e4 c5 2.Nf3 Nc6 3.d4 cxd4 4.Nxd4 a6 5.Nc3 e5 6.Nf3 Bb4 7.Bc4 Nf6 8.O-O 
Bxc3 9.bxc3 b5 10.Bb3 h6 11.Ba3 Nxe4 12.Qd5 Qf6 13.Qxe4 Bb7 14.Rfd1 Qf4 
15.Qxf4 exf4 16.Bxf7+ Kd8 17.Be6 Bc8 18.Bd5 Kc7 19.Bxc6 dxc6 20.Bd6+ Kb6 
21.Bxf4 Bg4 22.a4 Bxf3 23.a5+ Kc5 24.gxf3 Rhd8 25.Rd3 Rd5 26.Rad1 Rad8 27.
Rd4 Rxd4 28.Rxd4 Rxd4 29.Be3 Kc4 30.Bxd4 g6 31.Bg7 h5 32.Kf1 c5 33.Ke2 b4 
34.cxb4 Kxb4 35.Kd3 Kxa5 36.Kc4 Kb6 37.Bf8 1-0

[Event "Xtracon Chess Open 2018"]
[Site "Elsinore"]
[Date "2018.07.21"]
[Round "1"]
[White "Shehzad, Alisha"]
[Black "Lahlum, Hans Olav"]
[Result "1/2-1/2"]
[WhiteElo "1650"]
[BlackElo "2122"]
[EventDate "2018.07.21"]
[WhiteFideId "1521926"]
[BlackFideId "1501348"]

1.e4 e6 2.d4 d5 3.Nd2 c5 4.exd5 Qxd5 5.Ngf3 cxd4 6.Bc4 Qd6 7.O-O Nf6 8.Nb3
Nc6 9.Nbxd4 Nxd4 10.Qxd4 Bd7 11.Bf4 Qxd4 12.Nxd4 Rc8 13.Bb3 Bc5 14.Rad1 
O-O 15.h3 Rfd8 16.Rfe1 a5 17.a4 Bxa4 18.Bxa4 Rxd4 19.Rxd4 Bxd4 20.c3 Bb6 
21.Bg5 Nd5 22.Bb3 h6 23.Bc1 Rd8 24.Rd1 Kf8 25.Kf1 Ke7 26.Ke2 Nf6 27.Rxd8 
Kxd8 28.Bf4 Ke7 29.Be5 Ne8 30.Ba4 f6 31.Bg3 e5 32.Bc2 Bc7 33.h4 Nd6 34.f3 
Bb6 35.h5 Bc5 36.Be1 b5 37.b4 axb4 38.cxb4 Bd4 39.g4 Nc4 40.Bd3 Kd6 41.Bd2
Kc6 42.Be4+ Kc7 43.Bd3 Kb6 44.Be1 Nb2 45.Be4 Kc7 46.Bd2 Na4 47.Kd3 Kd6 48.
Be1 Nb6 49.Bg6 Nd5 50.Bd2 Ke7 51.Be4 Ke6 52.Bg6 Bb6 53.Be8 Nc7 54.Bg6 Ke7 
55.Be1 Ne6 56.Bd2 Kd6 57.Be8 Nc7 58.Bg6 Bd4 59.Ke2 Kc6 60.Bf5 Nd5 61.Be4 
Kd6 62.Bg6 Ne7 63.Bd3 Kc6 64.Be1 1/2-1/2

[Event "Xtracon Chess Open 2018"]
[Site "Elsinore"]
[Date "2018.07.21"]
[Round "1"]
[White "Molvig, Henrik"]
[Black "Petersen, Jan"]
[Result "1-0"]
[WhiteElo "2121"]
[BlackElo "1647"]
[EventDate "2018.07.21"]
[WhiteFideId "1402625"]
[BlackFideId "1426320"]

1.d4 e5 2.dxe5 Nc6 3.Nf3 Qe7 4.Nbd2 Nxe5 5.g3 Nf6 6.Bg2 d5 7.O-O Bg4 8.b3 
O-O-O 9.Bb2 Nxf3+ 10.exf3 Bf5 11.a3 Qd7 12.Re1 h5 13.h4 Qc6 14.Rc1 Bc5 15.
b4 Qb6 16.Re2 Bd6 17.Nf1 Be6 18.Rd2 Rdg8 19.Bd4 Qa6 20.Ne3 Ne8 21.Bf1 Qa4 
22.c4 Qxd1 23.Rdxd1 dxc4 24.Nxc4 Kb8 25.Nxd6 Nxd6 26.Be5 Ne8 27.Rd8+ Bc8 
28.Bh3 Nd6 29.Rxg8 Rxg8 30.Bxc8 Nxc8 31.Rxc7 f6 32.Rxg7+ 1-0

[Event "Xtracon Chess Open 2018"]
[Site "Elsinore"]
[Date "2018.07.21"]
[Round "1"]
[White "Langvik, Ulrikke"]
[Black "Mai, Aron Thor"]
[Result "1-0"]
[WhiteElo "1640"]
[BlackElo "2119"]
[EventDate "2018.07.21"]
[WhiteFideId "1517910"]
[BlackFideId "2313383"]

1.d4 Nf6 2.c4 g6 3.Nc3 Bg7 4.e4 d6 5.f3 O-O 6.Nge2 c5 7.d5 Nbd7 8.Be3 Ne5 
9.b3 e6 10.Qd2 exd5 11.exd5 Re8 12.O-O-O a6 13.Ng3 Bd7 14.h3 Bc8 15.f4 
Ned7 16.Be2 Nf8 17.Rhf1 Bd7 18.Bd3 Rb8 19.f5 Rxe3 20.Qxe3 b5 21.Nce4 bxc4 
22.Bxc4 Nxe4 23.Qxe4 Qg5+ 24.Qf4 Qxf4+ 25.Rxf4 Bh6 26.Rf1 Bb5 27.Kc2 Bxf4 
28.Rxf4 Nd7 29.fxg6 hxg6 30.Ne4 Rb6 31.g4 Ne5 32.Bxb5 axb5 33.Rf6 Ra6 34.
Kb1 Nd3 35.Rxd6 Ra8 36.Rb6 b4 37.Rc6 Rf8 38.d6 f5 39.Nxc5 Nxc5 40.Rxc5 f4 
41.d7 Kh7 42.Rc8 Rf7 43.d8=Q Kh6 44.Qh4+ Kg7 45.Qh8# 1-0

[Event "Xtracon Chess Open 2018"]
[Site "Elsinore"]
[Date "2018.07.21"]
[Round "1"]
[White "Schwerteck, Michael"]
[Black "Jorgensen, Orla Eilegaard"]
[Result "1/2-1/2"]
[WhiteElo "2115"]
[BlackElo "1639"]
[EventDate "2018.07.21"]
[WhiteFideId "4687078"]
[BlackFideId "1413368"]

1.e4 d5 2.exd5 Qxd5 3.Nc3 Qa5 4.d4 Nf6 5.Bc4 c6 6.Bd2 Bf5 7.Qe2 Qc7 8.
O-O-O e6 9.Nf3 Nbd7 10.Ne5 Nb6 11.Bb3 Bb4 12.g4 Bxc3 13.Bxc3 Be4 14.Rhe1 
Nbd5 15.g5 Nxc3 16.bxc3 Nd5 17.Qxe4 Nxc3 18.Qg4 Nxd1 19.Nxf7 O-O 20.Qxe6 
Qf4+ 21.Kxd1 Qxd4+ 22.Kc1 Qa1+ 23.Kd2 Qd4+ 24.Kc1 Qa1+ 25.Kd2 Qd4+ 1/2-1/2

[Event "Xtracon Chess Open 2018"]
[Site "Elsinore"]
[Date "2018.07.21"]
[Round "1"]
[White "Fjallheim, Elmar Reinert"]
[Black "Nielsen, Thomas Bach"]
[Result "0-1"]
[WhiteElo "1635"]
[BlackElo "2111"]
[EventDate "2018.07.21"]
[WhiteFideId "7201095"]
[BlackFideId "1401785"]

1.e4 c6 2.d4 d5 3.Nc3 dxe4 4.Nxe4 Bf5 5.Ng3 Bg6 6.Nf3 Nd7 7.Bd3 Bxd3 8.
Qxd3 Ngf6 9.O-O e6 10.Re1 Be7 11.Bf4 O-O 12.Re2 c5 13.Ne4 Qb6 14.c3 Rad8 
15.dxc5 Nxc5 16.Nxf6+ Bxf6 17.Qc4 Rd5 18.Be3 Qd6 19.Nd4 a6 20.a4 Rd8 21.
Nf3 Nd3 22.Nd4 Ne5 23.Qb3 Ng4 24.Qxb7 0-1

[Event "Xtracon Chess Open 2018"]
[Site "Elsinore"]
[Date "2018.07.21"]
[Round "1"]
[White "Petersen, Steen"]
[Black "Kreken, Eivind Grunt"]
[Result "1-0"]
[WhiteElo "2111"]
[BlackElo "1626"]
[EventDate "2018.07.21"]
[WhiteFideId "1402706"]
[BlackFideId "1532359"]

1.e4 c5 2.Nf3 e6 3.d3 Nc6 4.Nbd2 Nge7 5.g3 d5 6.Bg2 e5 7.exd5 Nxd5 8.O-O 
Be6 9.Re1 f6 10.c3 Nc7 11.d4 cxd4 12.cxd4 Nxd4 13.Nxd4 Qxd4 14.Bxb7 Rd8 
15.Qc2 Qb6 16.Bc6+ Kf7 17.Bg2 Bc5 18.Ne4 Bd4 19.Be3 Nb5 20.a4 Bxe3 21.axb5
Rc8 22.Qd3 Bc5 23.Ra6 Rhd8 24.Qe2 Qb8 25.Qh5+ Kg8 26.Rxe6 Qxb5 27.Nxc5 
Rxc5 28.Re7 Rf8 29.Be4 1-0

[Event "Xtracon Chess Open 2018"]
[Site "Elsinore"]
[Date "2018.07.21"]
[Round "1"]
[White "Jensen, Torben W."]
[Black "Johansen, Oivind"]
[Result "0-1"]
[WhiteElo "1615"]
[BlackElo "2105"]
[EventDate "2018.07.21"]
[WhiteFideId "1515942"]
[BlackFideId "1501119"]

1.d4 Nf6 2.Bf4 c5 3.c3 e6 4.e3 Nc6 5.h3 b6 6.Nd2 Be7 7.Be2 O-O 8.Ngf3 Bb7 
9.O-O d5 10.Bh2 Rc8 11.Qa4 Nd7 12.Bd3 Qe8 13.Bb5 f6 14.e4 a6 15.Bxc6 Bxc6 
16.Qc2 dxe4 17.Nxe4 Qg6 18.Rae1 cxd4 19.Nxd4 Bd5 20.Qb1 e5 21.Nf3 Bc4 22.
Qd1 Bxf1 23.Nh4 Qf7 24.Kxf1 Nc5 25.Nd6 Bxd6 26.Qxd6 Qc4+ 27.Kg1 Qxh4 0-1

[Event "Xtracon Chess Open 2018"]
[Site "Elsinore"]
[Date "2018.07.21"]
[Round "1"]
[White "Koellner, Christof"]
[Black "Svane, Freja"]
[Result "1-0"]
[WhiteElo "2105"]
[BlackElo "1608"]
[EventDate "2018.07.21"]
[WhiteFideId "4635787"]
[BlackFideId "12940100"]

1.d4 d5 2.c4 c6 3.cxd5 cxd5 4.Nc3 Bf5 5.Qb3 e6 6.Qxb7 Nd7 7.Bf4 Qc8 8.Qb3 
Qc6 9.Rc1 Rc8 10.e3 Bd6 11.Bb5 Qc7 12.Bxd6 Qxd6 13.Bxd7+ Qxd7 14.Nf3 Nf6 
15.Ne5 Qc7 16.Qa4+ Nd7 17.O-O Qb7 18.Nb5 O-O 19.Nd6 Nb6 20.Qb3 Qb8 21.Nxc8
Rxc8 22.Nc6 Qc7 23.Nxa7 Qxc1 24.Nxc8 Qxc8 25.Qxb6 1-0

[Event "Xtracon Chess Open 2018"]
[Site "Elsinore"]
[Date "2018.07.21"]
[Round "1"]
[White "Finnsson, Eli W."]
[Black "Skjoldager, Per"]
[Result "0-1"]
[WhiteElo "1606"]
[BlackElo "2104"]
[EventDate "2018.07.21"]
[WhiteFideId "7201451"]
[BlackFideId "1408828"]

1.d4 Nf6 2.c4 e6 3.Nc3 d5 4.e3 Nbd7 5.Nf3 Be7 6.Bd3 O-O 7.O-O b6 8.cxd5 
exd5 9.Qc2 Bb7 10.Ne2 c5 11.b3 Rc8 12.Qb1 a6 13.Ng3 g6 14.a4 Re8 15.Bb2 
Bf8 16.Qa2 Ne4 17.Rad1 Qe7 18.Rfe1 h5 19.Nd2 h4 20.Ngxe4 dxe4 21.Bf1 cxd4 
22.Bxd4 Bg7 23.Nc4 Rc6 24.Qb2 Bxd4 25.Rxd4 Nc5 26.Red1 Qf6 27.Qa2 Ree6 28.
b4 Nd3 29.Bxd3 exd3 30.R1xd3 b5 31.Nd2 Rc1+ 32.Nf1 h3 33.Qb2 Rc8 34.f3 
hxg2 35.Qxg2 Qxf3 36.Qxf3 Bxf3 37.Rd8+ Rxd8 38.Rxd8+ Kg7 39.axb5 axb5 40.
Kf2 Bc6 41.Rd4 Be8 42.Ng3 Rc6 43.Kf3 Rc2 44.h4 Bc6+ 45.Ne4 f5 0-1